| 000 | 00885cab a2200253 4500 | ||
|---|---|---|---|
| 001 | ABS39799 | ||
| 008 | 090401t1988 xxu||||| |||| 00| 0 eng d | ||
| 035 | _a(Sirsi) u19023 | ||
| 041 | _aeng | ||
| 100 | _aHinks, J. | ||
| 245 | _aWeepholes` pros and cons | ||
| 260 | _c1988 | ||
| 350 | _a0 | ||
| 490 |
_aBuilding Today _v196(5777) 13 October 1988, 24-25(2) |
||
| 520 | _aComments on the provision of weepholes in the outer leaf of cavity walls . Explains why they are used. Stresses the importance of correct spacing and reviews remedial solutions to problems which may arise due to the ingress of water and dirt. | ||
| 650 | _aCONDENSATION | ||
| 650 | _aDAMP | ||
| 650 | _aRAIN PENETRATION | ||
| 650 | _aBUILT ENVIRONMENT-BUILDING ELEMENTS-COMPLETE BUILDING ELEMENTS-WALLS | ||
| 690 | _aBUILT ENVIRONMENT | ||
| 700 | _aCook, G. | ||
| 942 | _n0 | ||
| 948 | _c04/03/1997 | ||
| 999 |
_c12662 _d12662 |
||